| 000 | 01967nam a2200421 i 4500 | ||
|---|---|---|---|
| 001 | 768714001 | ||
| 003 | CO-MdFUSB | ||
| 005 | 20230925095056.0 | ||
| 007 | ta | ||
| 008 | 180508t1957 -us |||| |||| 00| 0 eng d | ||
| 020 | _q[No incluye ISBN] | ||
| 040 |
_aCO-MdFUSB _bspa _cCO-MdFUSB _dCO-MdFUSBC _erda |
||
| 041 | 0 | _aeng | |
| 082 | 0 | 4 |
_a230 _223 _bC168m |
| 100 | 1 |
_aCalvino, Juan (1509-1564) _eautor |
|
| 245 | 0 |
_aInstitutes of the christian religion _c/ John Calvin ; traducido por Henry Beveridge |
|
| 264 | 1 |
_aGrand Rapids, MI., USA : _bEerdmans, _c[1957] |
|
| 264 | 4 | _c©1957 | |
| 300 |
_a704 páginas _c; 23 cm |
||
| 336 |
_2rdacontent _atexto _btxt |
||
| 337 |
_2rdamedia _asin mediación _bn |
||
| 338 |
_2rdacarrier _avolumen _bnc |
||
| 505 |
_tContenidos Del Primer Volumen:
_a |
||
| 505 |
_tLibro Primero. _aDel Conocimiento De Dios Creador. -- El Argumento |
||
| 505 |
_tLibro Segundo. _aDel Conocimiento De Dios redentor, en Cristo. -- Como manifestado primero a los padres bajo la ley, y después a nosotros. -- Bajo el evangelio. -- El argumento |
||
| 505 |
_tLibro Tercero. _aEl modo de obtener la gracia de Cristo: Los beneficios que confiere y los efectos que resultan de eso. -- El argumento. |
||
| 505 | _tContenidos del segundo volumen: | ||
| 505 |
_tLibro tercero - continúa. _aEl modo de obtener la gracia de Cristo. -- Los beneficios que confiere, y los efectos que de ella confiere. |
||
| 505 |
_tLibro cuarto: _aDe la santa iglesia católica. -- El argumento. |
||
| 505 | _tCien aforismos que contienen, dentro de un ámbito estrecho, la sustancia y orden de los cuatro libros de los institutos de la religión cristiana. | ||
| 563 | _aPasta dura | ||
| 650 | 0 |
_aTeología dogmática _91260 _xHistoria _yEdad Media, 600-1500 |
|
| 653 | _aTeología dogmática - Primeras obras hasta 1800 | ||
| 700 |
_98491 _aBeveridge, Henry, _etraductor |
||
| 942 | _cBK | ||
| 945 | _aJTF-925 | ||
| 999 |
_c33838 _d33838 |
||